Black - Pearl Jam - Statistics

General Stats
  • This quiz has been taken 355 times
  • The average score is 151 of 204
Answer Stats
Answer % Correct
a
97%
can
96%
I
95%
be,
93%
be
93%
she
93%
of
92%
Of
92%
So,
90%
me
88%
her
86%
some
86%
why
86%
why?
86%
Why?
86%
Why
86%
All
85%
all
85%
black
85%
the
85%
in
84%
In
84%
know
84%
my
84%
was
84%
everything
83%
have
83%
Sheets
83%
sheets
83%
and
82%
And
82%
canvas
82%
empty
82%
Oh,
81%
oh,
81%
to
80%
clay
77%
body
76%
out
76%
sky,
76%
what
75%
you'll
75%
As
74%
hands
74%
it
74%
star
74%
that
74%
beautiful
73%
by
73%
life
73%
Tattooed
73%
Can't
72%
can't
72%
somebody
72%
before
71%
bitter
71%
but
71%
else's
71%
mine?
71%
sun
71%
turn
70%
Now
69%
now
69%
I'm
68%
someday
68%
take
68%
around
67%
five
67%
horizons
67%
spread
66%
once
65%
did
64%
glass
64%
earth
63%
gave
63%
walk
63%
washed
63%
beneath
62%
been
61%
spin
61%
taught
61%
broken
60%
outside
60%
do
59%
head
58%
spinning,
58%
spinning
58%
away?
57%
clouds
57%
kids
57%
pictures
57%
world
57%
see
56%
surrounded
56%
laughter
55%
Revolved
55%
Untouched
55%
air
54%
Has
54%
play
54%
their
54%
am
53%
feel
53%
How
53%
laid
53%
taken
53%
at
52%
thoughts
52%
twisted
52%
Cradle
51%
quick
51%
I'll
50%
soul
50%
Were
50%
round
49%
tasted
48%
Turned
48%
wore
48%
yeah
46%
breathed
45%
Chafe
45%
gone
45%
love
44%
bad
43%
drop
43%
sear?
38%
No matching quizzes found
Score Distribution
Percent of People with Each Score
Percentile by Number Answered
Your Score History
You have not taken this quiz